Riconosci il Pokémon - Quiz n°792 - Statistics

Statistiche generali
  • Questo quiz è stato fatto 1 volte
  • Il punteggio medio è 3 su 10
Statistiche sulle risposte
Indizio Riposta % Corretto
Tipo Acqua
100%
Stadio evoluzione Non si evolve
100%
Generazione Terza
100%
Tasso di cattura 3 (1.6%)
0%
Peso 352,0 kg; 430,0 kg (Archeorisveglio)
0%
Altezza 4,5 m; 9,8 m( Archerisveglio)
0%
Pokémon Kyogre
0%
Tasso di allevamento Lento
0%
Abilità Piovischio; Mare Primordiale (Archeorisveglio)
0%
Sesso Sconosciuto
0%
Nessun quiz corrispondente trovato
Distribuzione punteggi
Percentuale di utenti per punteggio
Percentile per numero di risposta
I tuoi punteggi nel tempo
Non hai fatto questo quiz